Normal view
MARC view
Entry Personal Name
001 - CONTROL NUMBER
- control field: 4024
003 - CONTROL NUMBER IDENTIFIER
- control field: BD-RjUL
005 - DATE AND TIME OF LATEST TRANSACTION
- control field: 20220705153902.0
008 - FIXED-LENGTH DATA ELEMENTS
- fixed length control field: 220705|| aca||aabn | a|a d
040 ## - CATALOGING SOURCE
- Original cataloging agency: BD-RjUL
- Transcribing agency: BD-RjUL
100 ## - HEADING--PERSONAL NAME
- Personal name: ক্লিফোর্ড, জর্জ
670 ## - SOURCE DATA FOUND
- Source citation: Work cat.: (BD-RjUL)80091: এণ্ডারসন, জ্যাক 4022, বাংলাদেশ বার্থ বাই ফায়ার / , ২০১৩